00419nam a2200157Ia 4500003000900000008004100009040001600050080001200066100001800078245007900096250001200175260002800187300001500215650001400230650001700244IN-BaIIA211028s9999 xx 000 0 eng d cIIA Library a52bGOD aGodfray, Hugh 2aA treatise on astronomybfor use of colleges and schoolscHugh Godfray  a3rd ed. aLondonbMacmillanc1880 axvi, 320p. aAstronomy aAstrophysics